00513nam a2200169Ia 4500008004100000020001500041040001800056041000800074100003300082245006800115250001200183260007100195300001800266504002200284650001900306650001800325130821s1994 ck gr spa  a9589276679 aCo-BoUCMbspa aspa1 aMolina Arrubla, Carlos Mario10aIntroducción a la criminologíacCarlos Mario Molina Arrubla a4a. ed. aMedellín (Antioquia, Colombia)bBiblioteca Jurídica Dikec1994 a470 páginas aIncluye índice.04aCriminología04aDerecho penal